Manual de tecnica de la investigación educacional/ (Registro nro. 10023)

Detalles MARC
000 -LEADER
fixed length control field 01574nam a2200217Ia 4500
005 - FECHA Y HORA DE LA ÚLTIMA TRANSACCIÓN
control field 20231123093343.0
008 - FIXED-LENGTH DATA ELEMENTS--GENERAL INFORMATION
fixed length control field 231123s9999 xx 000 0 und d
020 ## - INTERNATIONAL STANDARD BOOK NUMBER
International Standard Book Number 968-606-013-8
040 ## - CATALOGING SOURCE
Original cataloging agency UPAN
Transcribing agency Biblioteca San Vicente
Description conventions RCAA2
041 ## - LANGUAGE CODE
Language code of text/sound track or separate title spa
082 ## - DEWEY DECIMAL CLASSIFICATION NUMBER
Classification number 300.72
Item number V36m
año de publicación 1984
100 ## - MAIN ENTRY--PERSONAL NAME
Personal name Van Dalen, Deobold B.
Relator code aut.
245 #0 - TITLE STATEMENT
Title Manual de tecnica de la investigación educacional/
Remainder of title Deobold B. Van Dalen,William J. Meyer
250 ## - EDITION STATEMENT
Edition statement 2ª reim.
260 ## - PUBLICATION, DISTRIBUTION, ETC. (IMPRINT)
Place of publication, distribution, etc México:
Name of publisher, distributor, etc Paidós,
Date of publication, distribution, etc 1984
300 ## - PHYSICAL DESCRIPTION
Extent 542 p.;
Dimensions 22 cm.
505 ## - FORMATTED CONTENTS NOTE
Formatted contents note Indice: Prefacio 7, 1. La investigación y el proceso social 11, 2. Métodos para adquirir conocimientos 28, 3. Conceptos generales acerca del método científico 44, 4. La naturaleza de la observación 61, 5. Fuentes empresas para la resolución de problemas 84, 6. Prácticas de biblioteca para la resolución de problemas 123, 7. Análisis del problema 143, 8. La solución del problema 169, 9. Estrategia de la investigación histórica 199, 10. Estrategia de la investigación descriptiva 226, 11. Estrategia de la investigación experimental 267, 12. Los instrumentos de investigación 332, 13. La estadística descriptiva 359, 14. La estadística inferencial 398, 15. Redacción del informe de la investigación 443, 16. Evaluación y publicación de las investigaciones 472. Apéndice A, Apéndice B, Apéndice C, Apéndice D, Apéndice E, Apéndice F, Apéndice G, Apéndice H, Apéndice I, Bibliografía 535.
650 ## - SUBJECT ADDED ENTRY--TOPICAL TERM
Source of heading or term LEMB
Topical term or geographic name as entry element Educación
Form subdivision Manual
700 ## - ADDED ENTRY--PERSONAL NAME
Personal name Meyer, William J.
Relator code aut.
942 ## - ADDED ENTRY ELEMENTS (KOHA)
Koha item type Libros
Source of classification or shelving scheme Dewey Decimal Classification
Existencias
Withdrawn status Lost status Source of classification or shelving scheme Damaged status Not for loan Collection code Home library Current library Date acquired Total Checkouts Full call number Barcode Date last seen Copy number Price effective from Koha item type
    Dewey Decimal Classification     Referencia Biblioteca UPAN San Vicente Biblioteca UPAN San Vicente 23/11/2023   300.72 V36m 12001976 23/11/2023 01 23/11/2023 Libros